Library Banner

GATE (graduate aptitude test in engineering) mechanical engineering / (Record no. 103980)

MARC details
000 -LEADER
fixed length control field 00523nam a22001697a 4500
005 - DATE AND TIME OF LATEST TRANSACTION
control field 20241008111623.0
008 - FIXED-LENGTH DATA ELEMENTS--GENERAL INFORMATION
fixed length control field 180320b xxu||||| |||| 00| 0 eng d
020 ## - INTERNATIONAL STANDARD BOOK NUMBER
International Standard Book Number 9789332582798
040 ## - CATALOGING SOURCE
Transcribing agency PK-LaUMT
082 ## - DEWEY DECIMAL CLASSIFICATION NUMBER
Classification number 621.076
Item number GAT-
110 ## - MAIN ENTRY--CORPORATE NAME
Corporate name or jurisdiction name as entry element Trishna Knowledge Systems
245 ## - TITLE STATEMENT
Title GATE (graduate aptitude test in engineering) mechanical engineering /
Statement of responsibility, etc Trishna Knowledge Systems
260 ## - PUBLICATION, DISTRIBUTION, ETC. (IMPRINT)
Place of publication, distribution, etc Tamil Nadu :
Name of publisher, distributor, etc Pearson,
Date of publication, distribution, etc 2017
300 ## - PHYSICAL DESCRIPTION
Extent var
Accompanying material CD
650 ## - SUBJECT ADDED ENTRY--TOPICAL TERM
Topical term or geographic name as entry element GATE Mechanical engineering
942 ## - ADDED ENTRY ELEMENTS (KOHA)
Koha item type Books
Holdings
Withdrawn status Lost status Damaged status Home library Current library Date acquired Full call number Barcode Date last seen Price effective from Koha item type
      UMT Main Campus UMT Main Campus 2018-03-20 621.076 GAT- 120327 2021-09-30 2018-03-20 Books